[Event "SVK ECo-C Extraliga 2018-19"]
[Site "Slovakia"]
[Date "2019.04.12"]
[Round "9.1"]
[White "Sipos, Istvan"]
[Black "Aczel, Gergely"]
[Result "0-1"]
[WhiteElo "2472"]
[BlackElo "2542"]
[Annotator "ChessBase"]
[PlyCount "74"]
[EventDate "2018.11.10"]
[EventType "team-tourn"]
[EventCountry "SVK"]
[SourceTitle "playchess.com"]
[Source "ChessBase"]
[SourceQuality "1"]
[WhiteTeam "Komarno"]
[BlackTeam "Podhajska"]
[TimeControl "40/5400+30:1800+30"]

1. c4 {[%emt 0:00:00]} e6 {[%emt 0:00:00]} 2. Nf3 {[%emt 0:00:02]} d5 {[%emt 0:00:00]} 3. d4 {[%emt 0:00:55]} Nf6 {[%emt 0:00:00]} 4. Bg5 {[%emt 0:01:25]} Be7 {[%emt 0:00:00]} 5. Nc3 {[%emt 0:00:43]} O-O {[%emt 0:00:01]} 6. e3 {[%emt 0:00:19]} h6 {[%emt 0:00:03]} 7. Bxf6 {[%emt 0:04:11]} Bxf6 {[%emt 0:00:02]} 8. Rc1 {[%emt 0:00:13]} c6 {[%emt 0:07:08]} 9. g4 {[%emt 0:11:11]} g6 {[%emt 0:08:20]} 10. h4 {[%emt 0:00:48]} Bg7 {[%emt 0:00:04]} 11. Bd3 {[%emt 0:03:12]} dxc4 {[%emt 0:00:28]} 12. Bxc4 {[%emt 0:00:38]} Nd7 {[%emt 0:19:58]} 13. Qc2 {[%emt 0:24:06]} c5 {[%emt 0:03:03]} 14. dxc5 {[%emt 0:06:11]} Nxc5 {[%emt 0:00:13]} 15. h5 {[%emt 0:04:45]} g5 {[%emt 0:00:50]} 16. b4 {[%emt 0:01:46]} Nd7 {[%emt 0:04:06]} 17. Ke2 {[%emt 0:05:04]} Qe7 {[%emt 0:02:16]} 18. a3 {[%emt 0:13:20]} a5 {[%emt 0:01:09]} 19. Qb3 {[%emt 0:08:46]} Nb6 {[%emt 0:06:43]} 20. Bd3 {[%emt 0:01:57]} Nd5 {[%emt 0:04:55]} 21. Nxd5 {[%emt 0:00:26]} exd5 {[%emt 0:00:02]} 22. Rhg1 {[%emt 0:03:01]} d4 {[%emt 0:12:37]} 23. Bf5 {[%emt 0:01:59]} Bxf5 {[%emt 0:04:29]} 24. gxf5 {[%emt 0:00:03]} axb4 {[%emt 0:00:48]} 25. axb4 {[%emt 0:00:41]} Qe4 {[%emt 0:10:22]} 26. Nd2 {[%emt 0:06:19]} Qxf5 {[%emt 0:02:04]} 27. e4 {[%emt 0:00:06]} Rfe8 {[%emt 0:01:22]} 28. Qd3 {[%emt 0:00:55]} Ra2 {[%emt 0:00:44]} 29. Rc2 {[%emt 0:00:45]} Rxc2 {[%emt 0:00:38]} 30. Qxc2 {[%emt 0:00:02]} Qh3 {[%emt 0:00:49]} 31. Rg3 {[%emt 0:01:08]} Qxh5+ {[%emt 0:00:09]} 32. Kd3 {[%emt 0:00:15]} Be5 {[%emt 0:01:29]} 33. Rg1 {[%emt 0:00:45]} Qh3+ {[%emt 0:03:17]} 34. Ke2 {[%emt 0:00:02]} Bf4 {[%emt 0:00:09]} 35. Nf3 {[%emt 0:00:09]} Rc8 {[%emt 0:02:04]} 36. Qd1 {[%emt 0:00:41]} Rc3 {[%emt 0:00:44]} 37. Nxd4 {[%emt 0:00:57]} Qh5+ {[%emt 0:00:40]} 0-1

[Event "SVK ECo-C Extraliga 2018-19"]
[Site "Slovakia"]
[Date "2019.04.12"]
[Round "9.1"]
[White "Pechac, Jergus"]
[Black "Mazur, Stefan"]
[Result "0-1"]
[WhiteElo "2464"]
[BlackElo "2435"]
[Annotator "TA"]
[PlyCount "114"]
[EventDate "2018.11.10"]
[EventType "team-tourn"]
[EventCountry "SVK"]
[SourceTitle "playchess.com"]
[Source "ChessBase"]
[SourceQuality "1"]
[WhiteTeam "Zilina"]
[BlackTeam "Liptovska"]

{[%evp 9,114,17,30,8,11,0,0,0,0,0,8,0,0,-4,0,0,30,11,21,0,14,0,36,10,20,27,25,25,37,10,15,-19,0,-4,20,11,28,6,16,3,156,56,283,193,341,286,360,338,287,110,118,0,-6,-13,15,12,37,0,29,46,123,146,150,132,144,81,76,80,154,165,200,176,204,170,177,147,157,143,268,317,306,281,244,175,191,0,0,0,0,0,0,0,0,-5135,-5081,-5135,-5114,-5095,-5081,-5073,-5065,-4139,-4139,-4132,-4132,-4132,-4132]} 1. d4 d5 2. c4 e6 3. Nc3 Be7 4. Bf4 Nf6 5. e3 O-O 6. a3 {D35: Queen's Gambit Declined: Exchange Variation} b6 7. cxd5 Nxd5 8. Nxd5 {The position is equal.} exd5 9. Bd3 c5 10. Qh5 $146 {[%csl Gd3][%cal Rh5h7]} ({Predecessor:} 10. Nf3 Nc6 11. O-O Be6 12. Bb5 Na5 13. dxc5 bxc5 {1-0 (34) Nakamura,H (2787)-Caruana,F (2795) Saint Louis 2016}) 10... g6 11. Qf3 Be6 12. Ne2 Nd7 13. O-O c4 14. Bc2 Nf6 15. h3 Qd7 16. Bg5 Nh5 17. Bh6 Rfd8 18. g4 Nf6 {[%cal Rf6g4]} 19. Ng3 Rac8 20. Kh1 Kh8 {And now ...Ng8 would win.} 21. Bf4 $36 {[%mdl 2048] White is pushing.} Ng8 22. Ne2 $1 b5 23. Rg1 a5 24. Qg3 Qb7 $2 (24... Nf6 $11) 25. h4 (25. Be5+ $16 f6 26. g5) 25... b4 $2 (25... Qd7 $14) 26. g5 c3 (26... Kg7 $142 27. axb4 axb4) 27. bxc3 b3 28. Be5+ f6 29. gxf6 $2 (29. Rab1 $18 {has better winning chances.}) 29... Bxf6 $16 30. Bxf6+ (30. Rab1 $16) 30... Nxf6 $11 31. Qe5 {[%mdl 64] Double Attack} Qf7 32. Bxb3 Re8 {...Bg4 is the strong threat.} 33. Nf4 Bf5 34. Bxd5 Qg7 (34... Qf8 $1 $14 35. Be6 {[%mdl 64] Discovered Attack} Rc6) 35. Qxf5 $16 gxf5 36. Rxg7 Kxg7 37. c4 (37. Rc1 $142) 37... Nxd5 38. cxd5 {[%mdl 4096] Endgame KRR-KRN} Rc2 ({Black should play} 38... Kf7) 39. Kg2 $1 Rb8 40. Kf3 Rbb2 41. Rg1+ Kf6 42. Nh5+ Ke7 43. Kf4 $1 {[%cal Rf4e5]} Rxf2+ (43... Kd6 $16 {was worth a try.}) 44. Ke5 $18 Rg2 45. d6+ Kd8 46. Rxg2 Rxg2 47. Kxf5 $2 {KR-KN} ({Only move:} 47. Nf4 $1 $18 {[%cal Rf4g2]} Rg3 48. Nd5) 47... Ra2 $11 {Hoping for ...a4.} 48. e4 {Threatens to win with Nf6.} Rxa3 49. e5 {aiming for e6.} a4 50. e6 {Intending e7+ and mate.} Rf3+ 51. Kg4 $2 {[%mdl 8192]} (51. Ke4 $11 Rf1 52. e7+ Kd7 53. Ke5 Re1+ 54. Kd5) 51... Re3 $19 {Black is clearly winning.} 52. e7+ Kd7 $1 {[%cal Rd7d6]} 53. Kf4 Re1 54. Nf6+ Kxd6 55. e8=R {[#]} Rxe8 $1 56. Nxe8+ {[#]} Kc6 $1 57. d5+ Kxd5 {Accuracy: White = 47%, Black = 43%.} 0-1

[Event "SVK ECo-C Extraliga 2018-19"]
[Site "Slovakia"]
[Date "2019.04.12"]
[Round "9.1"]
[White "Cernousek, Lukas"]
[Black "Piorun, Kacper"]
[Result "0-1"]
[WhiteElo "2438"]
[BlackElo "2660"]
[Annotator "TA"]
[PlyCount "128"]
[EventDate "2018.11.10"]
[EventType "team-tourn"]
[EventCountry "SVK"]
[SourceTitle "playchess.com"]
[Source "ChessBase"]
[SourceQuality "1"]
[WhiteTeam "Dubnica"]
[BlackTeam "Dunajov"]

{[%evp 26,128,45,45,63,47,62,62,70,46,89,85,107,95,107,62,55,24,45,40,37,9,15,14,17,0,12,1,14,0,4,0,0,-27,-13,-22,-26,-56,-18,-18,-18,-22,-20,-20,-4,-12,-7,-18,-22,-27,-13,-104,0,0,0,0,0,0,-6,-94,-52,-60,-66,-46,0,-7,0,-9,-23,-24,0,-8,0,0,0,0,0,0,0,0,0,-31,0,-69,-79,-81,0,0,0,-20,-20,-14,-14,-12,0,-2,-2,-4,0,-8,-8,-8,0,-752,-731]} 1. d4 Nf6 2. c4 g6 3. g3 Bg7 4. Bg2 d6 5. Nf3 O-O 6. O-O Nc6 7. Nc3 Bf5 8. d5 Na5 9. Nd2 c5 10. e4 Bd7 11. Qc2 a6 12. b3 b5 13. Bb2 Rb8 14. Nd1 {[%cal Bc3d1,Bd1e3,Be3c2][%mdl 32] LiveBook: 10 Games. E66: King's Indian: Fianchetto: 6...c5 7 0-0 Nc6 8 d5} (14. Rab1 e5 15. Ne2 Qe7 16. Bc3 b4 17. Bb2 Nb7 18. Rbe1 Rbe8 19. f4 Ng4 20. Nc1 f6 21. f5 Nh6 22. h4 Nd8 {1-0 (38) Laznicka,V (2703)-Vachier Lagrave,M (2710) San Sebastian 2012}) 14... Qc7 15. Bc3 e6 $146 ({Predecessor:} 15... Ne8 16. Ne3 Qb6 17. Rab1 b4 18. Bxg7 Nxg7 19. f4 e5 20. f5 f6 21. h4 g5 {1-0 (34) Mascarinas,R (2425)-Vaidya,A Thessaloniki 1984}) 16. Ne3 {White is slightly better.} exd5 17. exd5 Rfe8 18. Rae1 b4 19. Bb2 Re7 20. Qc1 Rbe8 21. Nc2 Nb7 22. Rxe7 Rxe7 23. Re1 Rxe1+ 24. Qxe1 Qd8 25. Ne3 a5 26. Qa1 Ne8 27. Bxg7 Nxg7 28. Ne4 {aiming for Nf6+.} Ne8 29. h4 Qe7 30. Kf1 Nd8 31. Ke2 h6 (31... f5 $5 {[%cal Rf5e4]} 32. Ng5 a4 $11) 32. f4 f5 33. Nf2 Nf6 34. Bf3 $1 Nf7 35. Nh3 Nh7 36. Kd2 g5 37. hxg5 hxg5 38. Bh5 {[#]} (38. Nf2 $11) 38... Nh8 (38... Nh6 $1 $17 39. Qh1 a4) 39. Be2 $11 gxf4 40. gxf4 Qh4 41. Qg1+ Kf8 42. Qf1 (42. Qg2 $1 $11) 42... Qf6 {Strongly threatening ...Qc3+.} 43. Nc2 Qc3+ 44. Kc1 $1 (44. Kd1 $2 a4 $17) 44... a4 45. Qf3 $36 {[%mdl 2048] And now Qxc3 would win. White is pushing.} Qg7 46. a3 bxa3 47. Nxa3 Nf7 48. Nc2 Nf6 49. bxa4 Bxa4 50. Bd3 Bd7 51. Nf2 Ng4 52. Nd1 Qf6 53. Qe2 Nh8 54. Qd2 (54. Qf3 $11) 54... Ng6 $15 55. Nc3 Nh6 (55... Qh8 $17) 56. Ne2 $11 Qh4 57. Kb2 Ng4 58. Ne3 Nf2 59. Bc2 Nh3 60. Qc3 (60. Kb3 {is interesting.} Nhxf4 61. Bxf5 Qf2 62. Bxd7 Qxe2 63. Qxe2 Nxe2 64. Bb5) 60... Nhxf4 61. Nxf4 Nxf4 62. Nxf5 Bxf5 63. Bxf5 Ne2 64. Qf3 $2 {[%mdl 8192] [#]} (64. Qh3 $11 Qd4+ 65. Kc2) 64... Qf6+ $1 {Precision: White = 41%, Black = 49%.} 0-1

[Event "SVK ECo-C Extraliga 2018-19"]
[Site "Slovakia"]
[Date "2019.04.12"]
[Round "9.2"]
[White "Miton, Kamil"]
[Black "Ponizil, Cyril"]
[Result "1/2-1/2"]
[WhiteElo "2593"]
[BlackElo "2501"]
[Annotator "ChessBase"]
[PlyCount "39"]
[EventDate "2018.11.10"]
[EventType "team-tourn"]
[EventCountry "SVK"]
[SourceTitle "playchess.com"]
[Source "ChessBase"]
[SourceQuality "1"]
[WhiteTeam "Dunajov"]
[BlackTeam "Dubnica"]
[TimeControl "40/5400+30:1800+30"]

1. Nf3 {[%emt 0:00:00]} c5 {[%emt 0:00:00]} 2. b3 {[%emt 0:01:21]} Nf6 {[%emt 0:00:44]} 3. Bb2 {[%emt 0:00:27]} e6 {[%emt 0:00:11]} 4. c4 {[%emt 0:05:11]} b6 {[%emt 0:00:09]} 5. g3 {[%emt 0:00:47]} Bb7 {[%emt 0:00:06]} 6. Bg2 {[%emt 0:00:05]} Be7 {[%emt 0:00:12]} 7. O-O {[%emt 0:00:29]} O-O {[%emt 0:00:06]} 8. e3 {[%emt 0:04:38]} d5 {[%emt 0:01:42]} 9. Nc3 {[%emt 0:00:58]} Nbd7 {[%emt 0:03:23]} 10. Qe2 {[%emt 0:07:03]} Qc7 {[%emt 0:02:23]} 11. Rac1 {[%emt 0:09:15]} Rad8 {[%emt 0:00:22]} 12. cxd5 {[%emt 0:26:29]} Nxd5 {[%emt 0:00:46]} 13. d4 {[%emt 0:00:55]} Nxc3 {[%emt 0:02:33]} 14. Bxc3 {[%emt 0:00:07]} Qb8 {[%emt 0:04:31]} 15. Rfd1 {[%emt 0:09:26]} Qa8 {[%emt 0:01:20]} 16. Ne1 {[%emt 0:00:20]} Bf6 {[%emt 0:04:07]} 17. Bxb7 {[%emt 0:04:32]} Qxb7 {[%emt 0:00:21]} 18. dxc5 {[%emt 0:02:21]} Bxc3 {[%emt 0:01:30]} 19. Rxc3 {[%emt 0:00:41]} Nxc5 {[%emt 0:00:09]} 20. Rcc1 {[%emt 0:02:01]} 1/2-1/2

[Event "SVK ECo-C Extraliga 2018-19"]
[Site "Slovakia"]
[Date "2019.04.12"]
[Round "9.2"]
[White "Babula, Vlastimil"]
[Black "Zilka, Stepan"]
[Result "1/2-1/2"]
[WhiteElo "2549"]
[BlackElo "2534"]
[Annotator "ChessBase"]
[PlyCount "87"]
[EventDate "2018.11.10"]
[EventType "team-tourn"]
[EventCountry "SVK"]
[SourceTitle "playchess.com"]
[Source "ChessBase"]
[SourceQuality "1"]
[WhiteTeam "Snina"]
[BlackTeam "Prakovce"]
[TimeControl "40/5400+30:1800+30"]

1. d4 {[%emt 0:00:00]} Nf6 {[%emt 0:00:00]} 2. c4 {[%emt 0:00:00]} e6 {[%emt 0:00:00]} 3. Nc3 {[%emt 0:00:20]} Bb4 {[%emt 0:00:01]} 4. e3 {[%emt 0:00:42]} O-O {[%emt 0:00:12]} 5. Bd3 {[%emt 0:00:28]} d5 {[%emt 0:00:31]} 6. Nf3 {[%emt 0:00:31]} c5 {[%emt 0:00:06]} 7. cxd5 {[%emt 0:01:06]} exd5 {[%emt 0:01:35]} 8. dxc5 {[%emt 0:00:37]} Bxc5 {[%emt 0:01:22]} 9. h3 {[%emt 0:02:57]} Nc6 {[%emt 0:00:37]} 10. O-O {[%emt 0:00:35]} a6 {[%emt 0:06:21]} 11. b3 {[%emt 0:01:16]} Re8 {[%emt 0:04:54]} 12. Bb2 {[%emt 0:01:17]} Qd6 {[%emt 0:06:37]} 13. Rc1 {[%emt 0:04:06]} Bd7 {[%emt 0:05:17]} 14. Ne2 {[%emt 0:19:02]} Ne4 {[%emt 0:00:01]} 15. Nf4 {[%emt 0:04:23]} Rad8 {[%emt 0:08:31]} 16. Bb1 {[%emt 0:13:59]} Bc8 {[%emt 0:12:02]} 17. Nd2 {[%emt 0:10:39]} Ba3 {[%emt 0:16:27]} 18. Qc2 {[%emt 0:14:33]} Bxb2 {[%emt 0:06:22]} 19. Qxb2 {[%emt 0:00:35]} Nxd2 {[%emt 0:07:19]} 20. Qxd2 {[%emt 0:00:07]} d4 {[%emt 0:00:07]} 21. Rfd1 {[%emt 0:03:09]} Qh6 {[%emt 0:04:02]} 22. e4 {[%emt 0:01:34]} d3 {[%emt 0:01:31]} 23. Bxd3 {[%emt 0:06:46]} Ne5 {[%emt 0:03:11]} 24. Nd5 {[%emt 0:01:22]} Qxd2 {[%emt 0:00:55]} 25. Rxd2 {[%emt 0:00:04]} Bxh3 {[%emt 0:00:23]} 26. Rc7 {[%emt 0:02:36]} b5 {[%emt 0:02:00]} 27. a4 {[%emt 0:02:12]} Nxd3 {[%emt 0:03:13]} 28. Rxd3 {[%emt 0:00:29]} Be6 {[%emt 0:00:17]} 29. Ra7 {[%emt 0:03:45]} bxa4 {[%emt 0:04:05]} 30. bxa4 {[%emt 0:00:05]} Bxd5 {[%emt 0:01:34]} 31. Rxd5 {[%emt 0:00:42]} Ra8 {[%emt 0:01:45]} 32. Rxa8 {[%emt 0:01:42]} Rxa8 {[%emt 0:00:01]} 33. Rd6 {[%emt 0:01:11]} g5 {[%emt 0:00:51]} 34. f3 {[%emt 0:00:51]} a5 {[%emt 0:00:36]} 35. Rd5 {[%emt 0:00:35]} f6 {[%emt 0:01:20]} 36. g4 {[%emt 0:01:16]} Kf7 {[%emt 0:00:12]} 37. Kf2 {[%emt 0:00:33]} Kg6 {[%emt 0:02:05]} 38. Ke3 {[%emt 0:00:59]} h5 {[%emt 0:00:49]} 39. gxh5+ {[%emt 0:00:10]} Kxh5 {[%emt 0:00:03]} 40. Rf5 {[%emt 0:01:27]} Kg6 {[%emt 0:01:36]} 41. Kd4 {[%emt 0:03:36]} Rb8 {[%emt 0:04:01]} 42. Rb5 {[%emt 0:06:35]} Rd8+ {[%emt 0:00:04]} 43. Kc4 {[%emt 0:04:26]} Rc8+ {[%emt 0:00:03]} 44. Kd4 {[%emt 0:02:56]} 1/2-1/2

[Event "SVK ECo-C Extraliga 2018-19"]
[Site "Slovakia"]
[Date "2019.04.12"]
[Round "9.2"]
[White "Gazik, Viktor"]
[Black "Jakab, Bela"]
[Result "1-0"]
[WhiteElo "2511"]
[BlackElo "2324"]
[Annotator "ChessBase"]
[PlyCount "75"]
[EventDate "2018.11.10"]
[EventType "team-tourn"]
[EventCountry "SVK"]
[SourceTitle "playchess.com"]
[Source "ChessBase"]
[SourceQuality "1"]
[WhiteTeam "Podhajska"]
[BlackTeam "Komarno"]
[TimeControl "40/5400+30:1800+30"]

1. c4 {[%emt 0:01:06]} c6 {[%emt 0:00:00]} 2. Nf3 {[%emt 0:01:05]} d5 {[%emt 0:00:07]} 3. g3 {[%emt 0:00:09]} Nf6 {[%emt 0:00:11]} 4. Bg2 {[%emt 0:00:12]} g6 {[%emt 0:00:43]} 5. b3 {[%emt 0:02:00]} Bg7 {[%emt 0:00:16]} 6. Bb2 {[%emt 0:00:07]} O-O {[%emt 0:00:45]} 7. O-O {[%emt 0:00:05]} Re8 {[%emt 0:01:10]} 8. d4 {[%emt 0:04:01]} Bf5 {[%emt 0:02:36]} 9. Nbd2 {[%emt 0:01:44]} Ne4 {[%emt 0:04:46]} 10. Rc1 {[%emt 0:06:18]} Nxd2 {[%emt 0:06:09]} 11. Qxd2 {[%emt 0:15:36]} Be4 {[%emt 0:01:47]} 12. Qf4 {[%emt 0:07:10]} Qd6 {[%emt 0:07:16]} 13. Qe3 {[%emt 0:05:24]} Nd7 {[%emt 0:01:24]} 14. Rfd1 {[%emt 0:00:21]} Rac8 {[%emt 0:03:44]} 15. Bh3 {[%emt 0:01:56]} Bxf3 {[%emt 0:01:57]} 16. exf3 {[%emt 0:09:02]} e6 {[%emt 0:01:38]} 17. f4 {[%emt 0:08:01]} h5 {[%emt 0:04:44]} 18. Bf1 {[%emt 0:01:12]} Qb8 {[%emt 0:06:25]} 19. Ba3 {[%emt 0:06:15]} Bf8 {[%emt 0:03:45]} 20. Bxf8 {[%emt 0:00:11]} Kxf8 {[%emt 0:00:41]} 21. c5 {[%emt 0:02:35]} b6 {[%emt 0:03:52]} 22. b4 {[%emt 0:00:32]} a5 {[%emt 0:00:37]} 23. Rb1 {[%emt 0:06:01]} bxc5 {[%emt 0:05:49]} 24. bxc5 {[%emt 0:02:15]} Qc7 {[%emt 0:00:17]} 25. Rd3 {[%emt 0:07:02]} Rb8 {[%emt 0:00:49]} 26. Re1 {[%emt 0:00:06]} Nf6 {[%emt 0:02:24]} 27. Ra3 {[%emt 0:00:21]} Ng4 {[%emt 0:05:42]} 28. Qe2 {[%emt 0:02:05]} Rb4 {[%emt 0:01:26]} 29. f5 {[%emt 0:02:30]} gxf5 {[%emt 0:06:52]} 30. Qd2 {[%emt 0:00:12]} f4 {[%emt 0:03:54]} 31. h3 {[%emt 0:00:57]} Nf6 {[%emt 0:03:06]} 32. Re5 {[%emt 0:00:13]} fxg3 {[%emt 0:01:07]} 33. Rxg3 {[%emt 0:06:53]} Ke7 {[%emt 0:00:59]} 34. Qf4 {[%emt 0:00:40]} Qb8 {[%emt 0:13:40]} 35. Rf3 {[%emt 0:00:20]} Rg8+ {[%emt 0:00:46]} 36. Kh2 {[%emt 0:00:21]} Rg6 {[%emt 0:00:58]} 37. Bd3 {[%emt 0:00:11]} Rxd4 {[%emt 0:02:34]} 38. Rxe6+ {[%emt 0:00:07]} 1-0

[Event "SVK ECo-C Extraliga 2018-19"]
[Site "Slovakia"]
[Date "2019.04.12"]
[Round "9.2"]
[White "Vykouk, Jan"]
[Black "Martinovic, Sasa"]
[Result "1/2-1/2"]
[WhiteElo "2441"]
[BlackElo "2555"]
[Annotator "ChessBase"]
[PlyCount "63"]
[EventDate "2018.11.10"]
[EventType "team-tourn"]
[EventCountry "SVK"]
[SourceTitle "playchess.com"]
[Source "ChessBase"]
[SourceQuality "1"]
[WhiteTeam "Osuske"]
[BlackTeam "Modra"]
[TimeControl "40/5400+30:1800+30"]

1. e4 {[%emt 0:00:00]} c5 {[%emt 0:00:00]} 2. Nf3 {[%emt 0:00:00]} d6 {[%emt 0:00:00]} 3. d4 {[%emt 0:00:00]} cxd4 {[%emt 0:00:00]} 4. Nxd4 {[%emt 0:00:00]} Nf6 {[%emt 0:00:00]} 5. Nc3 {[%emt 0:00:01]} Nc6 {[%emt 0:00:00]} 6. Be2 {[%emt 0:00:37]} e5 {[%emt 0:00:00]} 7. Nf3 {[%emt 0:00:06]} h6 {[%emt 0:00:02]} 8. O-O {[%emt 0:01:17]} Be7 {[%emt 0:00:05]} 9. Nd2 {[%emt 0:00:20]} d5 {[%emt 0:06:03]} 10. exd5 {[%emt 0:00:33]} Nxd5 {[%emt 0:00:04]} 11. Nxd5 {[%emt 0:00:07]} Qxd5 {[%emt 0:00:02]} 12. Bf3 {[%emt 0:01:41]} Qe6 {[%emt 0:05:54]} 13. Re1 {[%emt 0:01:13]} O-O {[%emt 0:03:30]} 14. c3 {[%emt 0:00:42]} Rd8 {[%emt 0:08:38]} 15. Qe2 {[%emt 0:00:56]} Bd7 {[%emt 0:04:58]} 16. Nc4 {[%emt 0:03:50]} Bf6 {[%emt 0:03:57]} 17. Bd2 {[%emt 0:06:01]} b5 {[%emt 0:26:43]} 18. Ne3 {[%emt 0:00:18]} e4 {[%emt 0:00:19]} 19. Bg4 {[%emt 0:00:08]} Qe5 {[%emt 0:00:11]} 20. Bxd7 {[%emt 0:01:00]} Rxd7 {[%emt 0:00:05]} 21. Ng4 {[%emt 0:00:09]} Qe6 {[%emt 0:04:07]} 22. Bf4 {[%emt 0:10:05]} Bh4 {[%emt 0:17:09]} 23. Qxb5 {[%emt 0:04:07]} Qxg4 {[%emt 0:05:36]} 24. Qxc6 {[%emt 0:00:17]} Bxf2+ {[%emt 0:00:08]} 25. Kxf2 {[%emt 0:00:07]} Qxf4+ {[%emt 0:00:06]} 26. Kg1 {[%emt 0:00:04]} Rad8 {[%emt 0:00:47]} 27. Qxe4 {[%emt 0:00:15]} Qxe4 {[%emt 0:00:33]} 28. Rxe4 {[%emt 0:00:07]} Rd2 {[%emt 0:00:01]} 29. Rae1 {[%emt 0:15:03]} Rxb2 {[%emt 0:00:07]} 30. Re8+ {[%emt 0:00:04]} Rxe8 {[%emt 0:00:02]} 31. Rxe8+ {[%emt 0:00:06]} Kh7 {[%emt 0:00:01]} 32. Re7 {[%emt 0:00:17]} 1/2-1/2

[Event "SVK ECo-C Extraliga 2018-19"]
[Site "Slovakia"]
[Date "2019.04.12"]
[Round "9.2"]
[White "Petenyi, Tamas"]
[Black "Banusz, Tamas"]
[Result "0-1"]
[WhiteElo "2418"]
[BlackElo "2614"]
[Annotator "TA"]
[PlyCount "82"]
[EventDate "2018.11.10"]
[EventType "team-tourn"]
[EventCountry "SVK"]
[SourceTitle "playchess.com"]
[Source "ChessBase"]
[SourceQuality "1"]
[WhiteTeam "Streda"]
[BlackTeam "Slovan"]

{[%evp 16,82,17,12,23,0,14,10,18,10,36,30,24,5,17,-6,-17,-22,0,-21,-5,-12,0,0,0,-22,-21,-28,-33,-31,0,-97,-86,-92,-89,-90,-30,-64,-41,-72,-66,-91,-64,-147,-82,-135,-135,-144,-145,-145,-144,-149,-142,-143,-139,-159,-159,-180,-177,-389,-362,-361,-344,-444,-180,-553,-530,-791,-754]} 1. e4 c5 2. Nf3 Nc6 3. Bb5 g6 4. Bxc6 dxc6 5. h3 Bg7 6. d3 Nf6 7. Nc3 Nd7 8. Be3 e5 9. Qd2 h6 {B31: Sicilian: 2...Nc6 3 Bb5 g6} 10. O-O-O (10. O-O b6 11. a3 Nf8 12. b4 Ne6 13. bxc5 f5 14. exf5 gxf5 15. Qe1 O-O 16. Rb1 e4 17. dxe4 {0-1 (36) Wang,H (2730)-Carlsen,M (2835) St Petersburg 2018}) 10... b6 11. Nh2 Nf8 {The position is equal.} 12. f4 exf4 13. Bxf4 Ne6 14. Be3 Nd4 15. Nf3 $146 ({Predecessor:} 15. Rdf1 Be6 16. Ng4 g5 17. Qf2 Qe7 18. Nf6+ Bxf6 19. Qxf6 Qxf6 20. Rxf6 Ke7 21. Rf2 {½-½ (21) Lecha Gonzalez,J (2062)-Prat Llables,J (2182) Barcelona 2013}) 15... Be6 16. Kb1 Qe7 17. Bxd4 cxd4 18. Ne2 O-O-O 19. Nf4 Bd7 20. e5 c5 21. Rde1 Bc6 22. e6 Rhe8 23. Ne5 (23. Rhf1 $11 {remains equal.}) 23... Bxe5 $1 $17 24. Rxe5 g5 {White must now prevent ...Qf6.} 25. Nh5 fxe6 ({Better is} 25... Qd6 $17 26. Re2 Rxe6) 26. Rhe1 $11 Bd5 27. g4 Rf8 28. b3 Qf7 29. Qh2 (29. Kb2 $15) 29... Rd7 (29... Qf2 $142 $1 {[%cal Rf2h2]} 30. Qxf2 Rxf2) 30. h4 (30. R5e2 $142) 30... gxh4 $17 31. Qxh4 {[#]} Qf2 $1 {[%cal Rf2h4]} 32. Qxf2 Rxf2 33. g5 hxg5 34. Rxg5 Rdf7 35. Rg8+ Kd7 36. Reg1 Kc6 37. a4 $2 (37. R8g7) 37... Rh2 38. Ng3 Rd2 39. Re1 Rg2 (39... Rff2 $142 40. Rc1 {[#]} Bxb3 $1 {[%mdl 512]}) 40. Rg5 $2 (40. Re2 {was the crucial defense.}) 40... Rff2 $19 41. Rc1 {[#]} Bxb3 $1 {[%mdl 512] Accuracy: White = 30%, Black = 57%.} 0-1

[Event "SVK ECo-C Extraliga 2018-19"]
[Site "Slovakia"]
[Date "2019.04.12"]
[Round "9.2"]
[White "Hrabusa, Matej"]
[Black "Repka, Christopher"]
[Result "0-1"]
[WhiteElo "2406"]
[BlackElo "2482"]
[Annotator "ChessBase"]
[PlyCount "70"]
[EventDate "2018.11.10"]
[EventType "team-tourn"]
[EventCountry "SVK"]
[SourceTitle "playchess.com"]
[Source "ChessBase"]
[SourceQuality "1"]
[WhiteTeam "Liptovska"]
[BlackTeam "Zilina"]
[TimeControl "40/5400+30:1800+30"]

1. d4 {[%emt 0:00:00]} d5 {[%emt 0:00:00]} 2. Bf4 {[%emt 0:00:00]} Nf6 {[%emt 0:01:07]} 3. e3 {[%emt 0:00:00]} Bf5 {[%emt 0:00:18]} 4. Nf3 {[%emt 0:04:59]} e6 {[%emt 0:00:22]} 5. Be2 {[%emt 0:00:54]} Bd6 {[%emt 0:00:31]} 6. Bg3 {[%emt 0:02:53]} Ne4 {[%emt 0:02:22]} 7. Nbd2 {[%emt 0:00:44]} Nxg3 {[%emt 0:00:35]} 8. hxg3 {[%emt 0:00:10]} h6 {[%emt 0:00:03]} 9. Ne5 {[%emt 0:02:34]} Nd7 {[%emt 0:00:45]} 10. Ndf3 {[%emt 0:02:54]} Be4 {[%emt 0:00:46]} 11. Nxd7 {[%emt 0:06:48]} Qxd7 {[%emt 0:00:05]} 12. Bd3 {[%emt 0:00:39]} O-O-O {[%emt 0:04:49]} 13. c3 {[%emt 0:07:31]} f5 {[%emt 0:00:31]} 14. Qc2 {[%emt 0:04:25]} c5 {[%emt 0:01:09]} 15. dxc5 {[%emt 0:02:28]} Bxc5 {[%emt 0:00:06]} 16. O-O-O {[%emt 0:00:59]} Kb8 {[%emt 0:03:33]} 17. Kb1 {[%emt 0:03:47]} Rhe8 {[%emt 0:00:10]} 18. c4 {[%emt 0:12:16]} Rc8 {[%emt 0:09:32]} 19. Bxe4 {[%emt 0:08:44]} fxe4 {[%emt 0:00:06]} 20. Nd2 {[%emt 0:00:33]} Bd6 {[%emt 0:13:17]} 21. Qb3 {[%emt 0:03:55]} Qf7 {[%emt 0:00:12]} 22. cxd5 {[%emt 0:07:39]} exd5 {[%emt 0:00:37]} 23. f3 {[%emt 0:00:09]} exf3 {[%emt 0:02:55]} 24. Nxf3 {[%emt 0:00:37]} Bxg3 {[%emt 0:01:01]} 25. Rxd5 {[%emt 0:01:28]} Rxe3 {[%emt 0:00:35]} 26. Qxe3 {[%emt 0:03:31]} Qxd5 {[%emt 0:01:07]} 27. Rc1 {[%emt 0:01:30]} Rd8 {[%emt 0:00:03]} 28. Ka1 {[%emt 0:04:12]} g5 {[%emt 0:00:19]} 29. Qe7 {[%emt 0:04:47]} Bf4 {[%emt 0:02:47]} 30. Rb1 {[%emt 0:00:13]} Rc8 {[%emt 0:01:36]} 31. Qg7 {[%emt 0:01:52]} h5 {[%emt 0:00:59]} 32. Qh6 {[%emt 0:01:12]} Qe4 {[%emt 0:01:53]} 33. a3 {[%emt 0:02:31]} g4 {[%emt 0:00:37]} 34. Qxh5 {[%emt 0:00:10]} gxf3 {[%emt 0:00:08]} 35. gxf3 {[%emt 0:01:40]} Qd4 {[%emt 0:00:15]} 0-1